Napój alkoholowy do kraju - Statystyki

Ogólne statystyki
  • Ten quiz został rozwiązany 730 razy
  • Średni wynik to 8 z 18
Statystyki odpowiedzi
Napój alkoholowy Kraj % Poprawnych
Nalewka Polska
94%
Sake Japonia
91%
Baijiu Chiny
71%
Limoncello Włochy
65%
Pastis Francja
57%
Ouzo Grecja
54%
Cachaça Brazylia
51%
Pertsivka (lub Horilka) Ukraina
46%
Ginjinha (lub Ginja) Portugalia
41%
Soju Korea Południowa | Korea Północna
39%
Sahti Finlandia
32%
Starka Litwa
28%
Czacza (lub ჭაჭა) Gruzja
27%
Unicum Węgry
27%
Amarula Republika Południowej Afryki
19%
Brennivín Islandia
17%
Boukha Tunezja
7%
Tej Etiopia | Erytrea
3%
Nie znaleziono quizów pasujących do podanych kryteriów
Rozkład punktacji
Procent ludzi z każdym wynikiem
Percentyl według liczby udzielonych odpowiedzi
Twoja historia wyników
Nie rozwiązałeś tego quizu